Premier League Fußballvereine nach Abzeichen - Statistiken

Allgemein
  • Dieses Quiz wurde 4.073 mal gespielt
    2.075 seit der letzten Aktualisierung
  • Das Durchschnittsergebnis liegt bei 18 aus 20
Antwortstatistiken
Bildquiz Antwort % Korrekt
Arsenal
99%
{Manchester} City
99%
Chelsea
98%
Liverpool
96%
{Manchester} United
96%
{West} {Ham} United
96%
{Aston} {Villa}
94%
Everton
94%
{Newcastle} United
94%
{Brighton} & {Hove} {Albion}
90%
{Nottingham} {Forest}
88%
{Tottenham} {Hotspur}
86%
Brentford
85%
{Crystal} {Palace}
85%
{Sheffield} United
84%
Fulham
80%
{Wolverhampton} {Wanderers}
79%
Burnley
77%
{Luton} Town
75%
Bournemouth
70%
Keine übereinstimmenden Quizze gefunden
Verteilung der Resultate
Anzahl Personen mit jedem Resultat
Perzentil nach korrekt beantworteten Fragen
Ihre Resultats-Entwicklung
Sie haben dieses Quiz seit der letzten Aktualisierung nicht gespielt